000 00557nam a2200193Ia 4500
003 GCL
008 140319s9999 xx 000 0 ara d
040 _aGCL /
_cGCL
082 0 4 _a398.9
_bا ا
100 1 _aاحمد تيمور
245 1 0 _aالامثال العامة /
_cاحمد تيمور
300 _a556 ص
490 _a
650 0 4 _aالاهاجى والفكاهات
650 0 4 _aالنوادرالعربية
650 0 4 _aالامثال العامية
650 0 4 _aالاهاجى والفكاهات الفارسية
942 _2ddc
_cBK
999 _c37550
_d37550